Strength of materials (Record no. 5608)

MARC details
000 -LEADER
fixed length control field 00350nam a2200133Ia 4500
008 - FIXED-LENGTH DATA ELEMENTS--GENERAL INFORMATION
fixed length control field 150201s2012 xx 000 0 und d
082 ## - DEWEY DECIMAL CLASSIFICATION NUMBER
Classification number 620.112
Item number RAT
100 ## - MAIN ENTRY--PERSONAL NAME
Personal name Rattan,S.S
245 ## - TITLE STATEMENT
Title Strength of materials
250 ## - EDITION STATEMENT
Edition statement 2nd Ed.
260 ## - PUBLICATION, DISTRIBUTION, ETC. (IMPRINT)
Name of publisher, distributor, etc. Tata McGraw Hill Education Private Limited
Place of publication, distribution, etc. New Delhi
Date of publication, distribution, etc. 2012
300 ## - PHYSICAL DESCRIPTION
Extent 738p.
942 ## - ADDED ENTRY ELEMENTS (KOHA)
Source of classification or shelving scheme Dewey Decimal Classification
Koha item type Books
Koha issues (borrowed), all copies 12
Holdings
Withdrawn status Lost status Source of classification or shelving scheme Damaged status Not for loan Home library Current library Date acquired SGTU Total Checkouts Total Renewals Full call number Barcode Date last seen Date last checked out Bill Date Koha item type
    Dewey Decimal Classification     SGT Engineering Library SGT Engineering Library 31/05/2013 SGTU 10 1 620.112 RAT FE6118 04/01/2025 21/12/2024 09/02/2015 Books
    Dewey Decimal Classification     SGT Engineering Library SGT Engineering Library 31/05/2013 SGTU 15   620.112 RAT FE6119 14/05/2026 12/05/2026 09/02/2015 Books
    Dewey Decimal Classification     SGT Engineering Library SGT Engineering Library 31/05/2013 SGTU 5 1 620.112 RAT FE6120 10/01/2025 10/01/2025 09/02/2015 Books
    Dewey Decimal Classification     SGT Engineering Library SGT Engineering Library 31/05/2013 SGTU 10 5 620.112 RAT FE6121 30/09/2024 30/09/2024 09/02/2015 Books
    Dewey Decimal Classification     SGT Engineering Library SGT Engineering Library 31/05/2013 SGTU 11 4 620.112 RAT FE6122 10/09/2025 14/08/2024 09/02/2015 Books